La ley y el evangelio (Registro nro. 171382)

Detalles MARC
000 -LEADER
campo de control de longitud fija 00527nam a22001575i 4500
001 - NÚMERO DE CONTROL
campo de control 171382
003 - IDENTIFICADOR DE NÚMERO DE CONTROL
campo de control ES-MaACL
005 - FECHA Y HORA DE LA ÚLTIMA TRANSACCIÓN
campo de control 20230906214622.0
008 - DATOS DE LONGITUD FIJA--INFORMACIÓN GENERAL
campo de control de longitud fija 090513s1966 sp |||| | spa d
100 1# - ENTRADA PRINCIPAL--NOMBRE DE PERSONA
Nombre de persona Söhngen, Gottlieb.
9 (RLIN) 140107
245 13 - MENCIÓN DEL TÍTULO
Título La ley y el evangelio
Resto del título : ensayo sobre su unidad analógica /
Mención de responsabilidad, etc. Gottlieb Söhngen ; [versión ... de José Luis Albizu].
260 ## - PUBLICACIÓN, DISTRIBUCIÓN, ETC.
Lugar de publicación, distribución, etc. Barcelona :
Nombre del editor, distribuidor, etc. Herder,
Fecha de publicación, distribución, etc. 1966.
300 ## - DESCRIPCIÓN FÍSICA
Extensión 146 p. ;
Dimensiones 20 cm.
700 1# - ENTRADA AGREGADA--NOMBRE PERSONAL
Nombre de persona Albizu, José Luis.
9 (RLIN) 19396
852 ## - LOCALIZACIÓN
Ubicación ES-MaACL
Número de control de estantería C-30010
itemnumber R.60500
Existencias
Estatus retirado Estado de pérdida Estado de daño No para préstamo Biblioteca de origen Biblioteca actual Ubicación en estantería Fecha de adquisición Fuente de adquisición Total de préstamos Signatura topográfica completa Código de barras Visto por última vez Precio de reemplazo Tipo de ítem Koha
        Biblioteca del Ateneo de Madrid Biblioteca del Ateneo de Madrid Depósito 2 13/05/2009     C-30010 1179857 23/02/2023 23/02/2023 Libro impreso